מסכתות שישה סדרי משנה - Statistics

General Stats
  • This quiz has been taken 26 times
  • The average score is 27 of 63
Answer Stats
סדר מסכת % Correct
זרעים ברכות
100%
מועד שבת
88%
זרעים ביכורים
75%
מועד יומא
75%
מועד סוכה
75%
מועד ראש השנה
75%
מועד תענית
75%
מועד מגילה
75%
נזיקין בבא קמא
75%
נזיקין בבא בתרא
75%
זרעים פאה
63%
זרעים דמאי
63%
מועד פסחים
63%
מועד מועד קטן
63%
מועד חגיגה
63%
נשים גיטין
63%
נשים קידושין
63%
נזיקין בבא מציעא
63%
טהרות נידה
63%
זרעים חלה
50%
זרעים ערלה
50%
מועד עירובין
50%
מועד שקלים
50%
מועד ביצה
50%
נשים יבמות
50%
נשים כתובות
50%
נזיקין שבועות
50%
נזיקין אבות
50%
טהרות כלים
50%
זרעים כלאים
38%
זרעים שביעית
38%
זרעים מעשרות
38%
נזיקין מכות
38%
קדשים חולין
38%
קדשים בכורות
38%
טהרות פרה
38%
זרעים תרומות
25%
זרעים מעשר שני
25%
נשים נדרים
25%
נשים נזיר
25%
נזיקין סנהדרין
25%
נזיקין עבודה זרה
25%
נזיקין הוריות
25%
קדשים זבחים
25%
קדשים מנחות
25%
קדשים ערכין
25%
קדשים כריתות
25%
קדשים מדות
25%
טהרות אהלות
25%
טהרות טהרות
25%
טהרות זבים
25%
טהרות ידים
25%
טהרות עוקצים
25%
נשים סוטה
13%
נזיקין עדיות
13%
קדשים תמורות
13%
קדשים מעילה
13%
קדשים תמיד
13%
קדשים קנים
13%
טהרות נגעים
13%
טהרות מקואות
13%
טהרות מכשירין
13%
טהרות טבול יום
13%
No matching quizzes found
Score Distribution
Percent of People with Each Score
Percentile by Number Answered
Your Score History
You have not taken this quiz